LEADER 01226nas 2200469-a 450 001 996203102803316 005 20230522010532.0 011 $a1873-4588 035 $a(DE-599)ZDB2111437-7 035 $a(OCoLC)52279265 035 $a(CKB)954925557473 035 $a(CONSER)--2004256118 035 $a(EXLCZ)99954925557473 100 $a20030520a19879999 s-- a 101 0 $aeng 135 $aurcn||||||||| 181 $ctxt$2rdacontent 182 $cc$2rdamedia 183 $acr$2rdacarrier 200 10$aJournal of voice 210 $a[Amsterdam] ;$a[New York] $cElsevier Science 300 $aRefereed/Peer-reviewed 311 $a0892-1997 531 $aJ VOICE 531 $aJOURNAL OF VOICE 531 $aJ. VOICE 606 $aVoice$vPeriodicals 606 $aVoice 606 $aVoice$2fast$3(OCoLC)fst01168739 608 $aPeriodical 608 $aPeriodicals.$2fast 608 $aPeriodicals.$2lcgft 615 0$aVoice 615 2$aVoice 615 7$aVoice. 676 $a612 712 02$aVoice Foundation. 712 02$aInternational Association of Phonosurgeons. 906 $aJOURNAL 912 $a996203102803316 996 $aJournal of voice$91897864 997 $aUNISA LEADER 04254oam 2200721zu 450 001 9910140139603321 005 20250709215643.0 010 $a9782709917780 010 $a2709917785 024 7 $a10.4000/books.irdeditions.4974 035 $a(CKB)2560000000351852 035 $a(SSID)ssj0001541996 035 $a(PQKBManifestationID)11897612 035 $a(PQKBTitleCode)TC0001541996 035 $a(PQKBWorkID)11535505 035 $a(PQKB)10487633 035 $a(WaSeSS)IndRDA00045465 035 $a(FrMaCLE)OB-irdeditions-4974 035 $a(oapen)https://directory.doabooks.org/handle/20.500.12854/58539 035 $a(PPN)26794926X 035 $a(FR-PaCSA)88876561 035 $a(FRCYB88876561)88876561 035 $a(oapen)doab58539 035 $a(EXLCZ)992560000000351852 100 $a20160829d1999 uy 101 0 $afre 135 $aur||||||||||| 181 $ctxt 182 $cc 183 $acr 200 10$aRivières du Sud. sociétés et mangroves ouest-africaines / Volume 1 210 $cIRD Éditions$d1999 210 31$a[Place of publication not identified]$cIRD Éditions$d1999 215 $a1 online resource (416 pages) 225 1 $aExpertise colle?giale 300 $aBibliographic Level Mode of Issuance: Monograph 311 08$a9782709914260 311 08$a2709914263 320 $aIncludes bibliographical references and index. 330 $aLes mangroves sont bien plus que des palétuviers. Forêts dans la mer, ou encore marais maritimes convertis en rizières, elles constituent l'un des paysages les plus originaux des littoraux intertropicaux. Dès leur découverte par les navigateurs portugais, elles suscitent des discours contradictoires et sont l'objet d'enjeux multiples et souvent conflictuels entre « conservationnistes » et « productivistes ». Cette synthèse régionale dresse un état des connaissances sur la mangrove, met en évidence les interactions variées entre les sociétés et leur environnement littoral, explicite la spécificité des « Rivières du Sud », littoraux à mangrove compris entre le Sénégal et la Sierra Leone. Elle réunit un ensemble d'informations originales (volume 1) et un recueil bibliographique de plus de 3 000 références (volume 2), et constitue un outil indispensable pour les acteurs, scientifiques comme décideurs, concernés par la gestion des littoraux ouest-africains. Par un dialogue entre sciences de la nature et de la société, cet ouvrage ouvre des perspectives conceptuelles et méthodologiques et contribue ainsi à la réflexion plus générale sur les rapports entre environnement et développement, sciences et société. Mangroves are much more than just mangles. Forests in the sea or sea marshes converted into rice fields, they form one of the most original coastal landscape types in the tropics. Since their discovery by Portuguese navigators, they have generated contradictory statements and have been the centre of many issues often leading to contention between 'conservationists' and those in favour of 'productivity'. This regional synthesis reviews the state of knowledge on mangrove, shows the varied interactions between societies and their coastal environment and explains the specific features of the 'Rivières du Sud' (southern rivers), the coastal mangrove areas from Senegal to Sierra Leone. It consists of a set of original information (Volume 1) and a bibliography of more? 410 0$aExpertise colle?giale. 606 $aEarth & Environmental Sciences$2HILCC 606 $aEcology$2HILCC 610 $aécosystème 610 $aécologie 610 $apêche artisanale 610 $aéconomie régionale 610 $asystème de production 610 $acours d?eau 610 $ahydrologie 610 $amangrove 610 $acommerce 610 $asociologie rurale 610 $ariziculture 615 7$aEarth & Environmental Sciences 615 7$aEcology 700 $aMarie-Christine Cormier Salem$4auth$01355928 702 $aCormier-Salem$b Marie-Christine 801 0$bPQKB 906 $aBOOK 912 $a9910140139603321 996 $aRivières du Sud. sociétés et mangroves ouest-africaines$93360037 997 $aUNINA LEADER 04456nam 22005895 450 001 9910735797703321 005 20251229071650.0 010 $a3-031-22749-2 024 7 $a10.1007/978-3-031-22749-3 035 $a(MiAaPQ)EBC30656988 035 $a(Au-PeEL)EBL30656988 035 $a(DE-He213)978-3-031-22749-3 035 $a(CKB)27675007200041 035 $a(EXLCZ)9927675007200041 100 $a20230719d2023 u| 0 101 0 $aeng 135 $aurcnu|||||||| 181 $ctxt$2rdacontent 182 $cc$2rdamedia 183 $acr$2rdacarrier 200 10$aAdvances in Empirical Economic Research $e2022 International Conference on Applied Economics (ICOAE), Madrid, Spain, July 7-9, 2022 /$fedited by Nicholas Tsounis, Aspasia Vlachvei 205 $a1st ed. 2023. 210 1$aCham :$cSpringer International Publishing :$cImprint: Springer,$d2023. 215 $a1 online resource (995 pages) 225 1 $aSpringer Proceedings in Business and Economics,$x2198-7254 311 08$aPrint version: Tsounis, Nicholas Advances in Empirical Economic Research Cham : Springer International Publishing AG,c2023 9783031227486 327 $a1. Strategic agility and success perception of Polish SMEs: an alternative operationalization to pre-Covid-19 and Covid-19 business conditions -- 2. R&D cooperation of firms and product market competition ? an overview -- 3. Market Restrictions of Contracting Out the Public Service at the Municipal Level -- 4. DESCRIPTION AND CATEGORIZATION OF AGRICULTURE HOLDINGS IN THE REGION OF WESTERN MACEDONIA -- 5. Taxes, debt and the Value of Multinational Enterprises. International Policy Implications -- 6. Modelling and forecasting GDP of Greece with a modified exponential smoothing state space framework -- 7. Last mile and blockchain: opportunities and challenges -- 8. Total Factor Productivity and Entrepreneurship: Creative Self-Destruction -- 9. Generation Z intention to comply with non-mandatory government measures for self-protection of COVID -19 and SARS-CoV-2 variants after restriction withdrawals -- 10. The spatial distribution of the populationin peninsular Spain. An evolution of a permanent nature -- 11. Food waste in Greece: an empirical study -- 12. Success Factors in Public-Private Partnership of High Speed Railway Infrastructures: Elements for Improvement -- 13. Holistic evaluation of technology transfer extension programs -- 14. E-BANKING LOYALTY AND ITS BACKGROUND: A BIBLIOMETRIC ANALYSIS -- 15. Evaluating European climate policy impact on the CO2 emissions per capita convergence process in the European Union countries -- 16. The Economics of Civil Orders and Medals in Spain: An Update after Ten Years -- 17. ?Ctrl+Supr? versus ?Shift+Comp? Industrialization and business services as engine of regional growth -- 18. easuring stakeholders? influence on business performance. Case of Slovakia -- 19. Testing for sequences and reversals on Bitcoin series -- 20. CHAID algorithm applied in a post-rating to business-risk insurance contracts. 330 $aThis volume presents new empirical methods and applications in economics with special interest in advances in empirical macroeconomics, microeconomics, financial economics, international economics, and agricultural economics. Featuring selected contributions from the 2022 International Conference of Applied Economics (ICOAE 2021), this book provides country specific studies with potential applications in economic policy. It is beneficial to researchers, scholars, academics and policy makers in quantitative economic research (in both methods and applications). 410 0$aSpringer Proceedings in Business and Economics,$x2198-7254 606 $aEconometrics 606 $aInternational economic relations 606 $aFinance 606 $aQuantitative Economics 606 $aInternational Economics 606 $aFinancial Economics 615 0$aEconometrics. 615 0$aInternational economic relations. 615 0$aFinance. 615 14$aQuantitative Economics. 615 24$aInternational Economics. 615 24$aFinancial Economics. 676 $a330 676 $a330.072 700 $aTsounis$b Nicholas$01379316 702 $aVlachvei$b Aspasia 801 0$bMiAaPQ 801 1$bMiAaPQ 801 2$bMiAaPQ 906 $aBOOK 912 $a9910735797703321 996 $aAdvances in Empirical Economic Research$93418745 997 $aUNINA